| 000 | 01376nam a2200325 a 4500 | ||
|---|---|---|---|
| 999 |
_c187412 _d187412 |
||
| 003 | BLK | ||
| 005 | 20230715005251.0 | ||
| 008 | 180411b bul|||||r ||||||| ||bul|| | ||
| 010 | _aKNG00196421000 | ||
| 040 | _aBLK | ||
| 041 |
_aBUL _cBUL |
||
| 080 |
_aРуска литература _b821.161.1 _x-32 _z821.161.1-32 |
||
| 100 |
_aПушкин, Александър Сергеевич _d1799-1837 _9364559 |
||
| 139 |
_aПушкин, Александър Сергеевич _bП 94 |
||
| 245 | 1 | 0 |
_aПовести _bПовести на Белкин и Дама Пика _cАлександър Сергеевич Пушкин; прев. от рус. Симеон Владимиров; ил. Симеон Здравков Венов. |
| 257 | _aRUS | ||
| 260 |
_aСофия _bНар. култура _c1983 |
||
| 300 |
_a152 с. _bс ил. _c26 см |
||
| 380 | _aX | ||
| 500 | _aПрев. от Полное собрание сочинений. В 10 т. Т. 6 М-Л., 1949. - 20 125 тир. | ||
| 700 | 1 |
_aВладимиров, Симеон _eпрев. от рус. _9364915 |
|
| 700 | 1 |
_aВенов, Симеон Здравков _eил. _9368591 |
|
| 852 | _aЦб 94564 | ||
| 856 | 4 |
_qpdf _i0.00 _ldisable |
|
| 856 | 4 |
_qpdf _i0.00 _ldisable |
|
| 942 |
_cKNG _n0 _01 _s1 |
||
| 944 |
_aCR _c17.11.2016 _k _lCRON CRON |
||
| 944 |
_aED _c2022-11-14 _kир |
||
| 999 | _d187412 | ||